Rio de Janeiro en images - Statistiques

Statistiques générales
  • Ce quiz a été pris 80 fois
  • Le résultat moyen est 10 sur 15
Statistiques - réponses
Par images Hint Réponse % Correct
Film Rio
90%
Fête Carnaval de Rio
89%
Danse Samba
87%
Plage Copacabana
86%
Statue Christ rédempteur
84%
Bidonvilles brésiliens Favelas
80%
Footballeur brésilien Ronaldo
79%
Année 2016
73%
Chanteur de « Je vais à Rio » Claude François
71%
Stade Maracanã
69%
Montagne Pain de Sucre
61%
Club de football CR Flamengo
51%
Héros de fiction OSS 117
51%
Sommet Corcovado
46%
Genre musical Bossa nova
30%
Aucun quiz correspondant
Distribution des résultats
% des personnes avec chaque résultat
Percentile par nombre de réponses
Votre historique - résultats
Vous n’avez pas pris ce quiz